000 00691nam a22001697a 4500
999 _c15267
_d15267
008 200312b ||||| |||| 00| 0 eng d
082 _22020
_aUT 1464
_bF66
100 _aFlorida, Sarah May E.
_942098
245 _aExposure to Online Reading Materials and Grammatical Competence of Grade 11 Students of UM Digos/
_cSarah May E. Florida, Marry Grace A. MascariƱas & Anna Liza G. Poresores
260 _aDigos City
_bUMDC
_cJanuary 2020
300 _a61
_c30 cm
650 _aSecondary Education
_vEnglish
_xUndergraduate Thesis
_941598
700 _aFlorida, Sarah May E.
_942098
700 _aMascariƱas, Marry Grace A.
_942099
700 _aPoresores, Anna Liza G.
_942100
942 _2ddc
_cUT